000
00193nam a2200085Ia 4500
008
120527s9999 xx 000 0 und d
100
_a
Frank, D.J
245
_a
Persuasion and healing
942
_c
BK
999
_c
27410
_d
27410